Fotoğrafta Türkiye Cumhurbaşkanları - Statistics

General Stats
  • This quiz has been taken 305 times
  • The average score is 9 of 12
Answer Stats
Picture Hint Answer % Correct
1938 - 1950 İsmet İnönü
100%
1923 - 1938 Mustafa Kemal Atatürk
100%
1950 - 1960 Celâl Bayar
88%
2014 - günümüz Recep Tayyip Erdoğan
87%
1989 - 1993 Turgut Özal
85%
2007 - 2014 Abdullah Gül
84%
1993 - 2000 Süleyman Demirel
80%
1982 - 1989 Kenan Evren
74%
2000 - 2007 Ahmet Necdet Sezer
68%
1973 - 1980 Fahri Korutürk
61%
1961 - 1966 Cemal Gürsel
60%
1966 -1973 Cevdet Sunay
52%
No matching quizzes found
Score Distribution
Percent of People with Each Score
Percentile by Number Answered
Your Score History
You have not taken this quiz